Giáo trình tổng quan du lịch Dùng trong các trường THCN
vv
Đã lưu trong:
| Tác giả chính: | |
|---|---|
| Định dạng: | Sách |
| Năm xuất bản: |
H.
Nxb Hà Nội
2006
|
| Chủ đề: | |
| Tags: |
Thêm thẻ
Không có thẻ, Hãy là người đầu tiên gắn thẻ bản ghi này!
|
| LEADER | 03785nam a2200337 4500 | ||
|---|---|---|---|
| 082 | |a 910.71 |b TR120TH | ||
| 100 | |a Trần Thị Thúy Lan | ||
| 245 | |a Giáo trình tổng quan du lịch |b Dùng trong các trường THCN |c Trần Thị Thúy Lan, Nguyễn Đình Quang | ||
| 260 | |a H. |b Nxb Hà Nội |c 2006 | ||
| 300 | |a 69 tr. |c 24 cm | ||
| 520 | |a vv | ||
| 653 | |a Du lịch | ||
| 653 | |a Tổng quan | ||
| 653 | |a Giáo trình | ||
| 942 | |2 ddc |c STK0 | ||
| 999 | |c 661 |d 661 | ||
| 952 | |0 0 |1 0 |2 ddc |4 0 |6 910_710000000000000_TR120TH |7 1 |8 900 |9 29197 |a qbu |b qbu |c D5 |d 2014-12-11 |g 9500 |o 910.71 TR120TH |p 2114.c1 |r 0000-00-00 |w 2014-12-11 |y STK0 |0 0 |6 910_710000000000000_TR120TH | ||
| 952 | |0 0 |1 0 |2 ddc |4 0 |6 910_710000000000000_TR120TH |7 0 |8 900 |9 29198 |a qbu |b qbu |c D5 |d 2014-12-11 |g 9500 |o 910.71 TR120TH |p 2114.c2 |r 0000-00-00 |w 2014-12-11 |y STK0 |0 0 |6 910_710000000000000_TR120TH |0 0 |6 910_710000000000000_TR120TH | ||
| 952 | |0 0 |1 0 |2 ddc |4 0 |6 910_710000000000000_TR120TH |7 0 |8 900 |9 29199 |a qbu |b qbu |c D5 |d 2014-12-11 |g 9500 |o 910.71 TR120TH |p 2114.c3 |r 2019-08-01 |w 2014-12-11 |y STK0 |0 0 |6 910_710000000000000_TR120TH |0 0 |6 910_710000000000000_TR120TH | ||
| 952 | |0 0 |1 0 |2 ddc |4 0 |6 910_710000000000000_TR120TH |7 0 |8 900 |9 29200 |a qbu |b qbu |c D5 |d 2014-12-11 |g 9500 |o 910.71 TR120TH |p 2114.c4 |r 0000-00-00 |w 2014-12-11 |y STK0 |0 0 |6 910_710000000000000_TR120TH |0 0 |6 910_710000000000000_TR120TH | ||
| 952 | |0 0 |1 0 |2 ddc |4 0 |6 910_710000000000000_TR120TH |7 0 |8 900 |9 29201 |a qbu |b qbu |c D5 |d 2014-12-11 |g 9500 |o 910.71 TR120TH |p 2114.c5 |r 0000-00-00 |w 2014-12-11 |y STK0 |0 0 |6 910_710000000000000_TR120TH |0 0 |6 910_710000000000000_TR120TH | ||
| 952 | |0 0 |1 0 |2 ddc |4 0 |6 910_710000000000000_TR120TH |7 0 |8 900 |9 29202 |a qbu |b qbu |c D5 |d 2014-12-11 |g 9500 |o 910.71 TR120TH |p 2114.c6 |r 0000-00-00 |w 2014-12-11 |y STK0 |0 0 |6 910_710000000000000_TR120TH |0 0 |6 910_710000000000000_TR120TH | ||
| 952 | |0 0 |1 0 |2 ddc |4 0 |6 910_710000000000000_TR120TH |7 0 |8 900 |9 29203 |a qbu |b qbu |c D5 |d 2014-12-11 |g 9500 |o 910.71 TR120TH |p 2114.c7 |r 0000-00-00 |w 2014-12-11 |y STK0 |0 0 |6 910_710000000000000_TR120TH |0 0 |6 910_710000000000000_TR120TH | ||
| 952 | |0 0 |1 0 |2 ddc |4 0 |6 910_710000000000000_TR120TH |7 0 |8 900 |9 29204 |a qbu |b qbu |c D5 |d 2014-12-11 |g 9500 |o 910.71 TR120TH |p 2114.c8 |r 0000-00-00 |w 2014-12-11 |y STK0 |0 0 |6 910_710000000000000_TR120TH |0 0 |6 910_710000000000000_TR120TH | ||
| 952 | |0 0 |1 0 |2 ddc |4 0 |6 910_710000000000000_TR120TH |7 0 |8 900 |9 29205 |a qbu |b qbu |c D5 |d 2014-12-11 |g 9500 |o 910.71 TR120TH |p 2114.c9 |r 0000-00-00 |w 2014-12-11 |y STK0 |0 0 |6 910_710000000000000_TR120TH |0 0 |6 910_710000000000000_TR120TH | ||
| 952 | |0 0 |1 0 |2 ddc |4 0 |6 910_710000000000000_TR120TH |7 0 |8 900 |9 29206 |a qbu |b qbu |c D5 |d 2014-12-11 |g 9500 |o 910.71 TR120TH |p 2114.c10 |r 0000-00-00 |w 2014-12-11 |y STK0 |0 0 |6 910_710000000000000_TR120TH |0 0 |6 910_710000000000000_TR120TH | ||
| 952 | |0 0 |1 0 |2 ddc |4 0 |6 910_710000000000000_TR120TH |7 0 |8 900 |9 29207 |a qbu |b qbu |c D5 |d 2014-12-11 |g 9500 |o 910.71 TR120TH |p 2114.c11 |r 0000-00-00 |w 2014-12-11 |y STK0 |0 0 |6 910_710000000000000_TR120TH |0 0 |6 910_710000000000000_TR120TH | ||
| 952 | |0 0 |1 0 |2 ddc |4 0 |6 910_710000000000000_TR120TH |7 0 |8 900 |9 29208 |a qbu |b qbu |c D5 |d 2014-12-11 |g 9500 |o 910.71 TR120TH |p 2114.c12 |r 0000-00-00 |w 2014-12-11 |y STK0 |0 0 |6 910_710000000000000_TR120TH |0 0 |6 910_710000000000000_TR120TH | ||
| 952 | |0 0 |1 0 |2 ddc |4 0 |6 910_710000000000000_TR120TH |7 0 |8 900 |9 29209 |a qbu |b qbu |c D5 |d 2014-12-11 |g 9500 |o 910.71 TR120TH |p 2114.c13 |r 0000-00-00 |w 2014-12-11 |y STK0 |0 0 |6 910_710000000000000_TR120TH |0 0 |6 910_710000000000000_TR120TH | ||
| 952 | |0 0 |1 0 |2 ddc |4 0 |6 910_710000000000000_TR120TH |7 0 |8 900 |9 29210 |a qbu |b qbu |c D5 |d 2014-12-11 |g 9500 |o 910.71 TR120TH |p 2114.c14 |r 0000-00-00 |w 2014-12-11 |y STK0 |0 0 |6 910_710000000000000_TR120TH |0 0 |6 910_710000000000000_TR120TH | ||
| 952 | |0 0 |1 0 |2 ddc |4 0 |6 910_710000000000000_TR120TH |7 0 |8 900 |9 29211 |a qbu |b qbu |c D5 |d 2014-12-11 |g 9500 |o 910.71 TR120TH |p 2114.c15 |r 0000-00-00 |w 2014-12-11 |y STK0 |0 0 |6 910_710000000000000_TR120TH |0 0 |6 910_710000000000000_TR120TH | ||